| 000 | 00000nam 2200000zi 4500 |
| 001 | 9.892614 |
| 003 | CaOODSP |
| 005 | 20230427133944 |
| 006 | m o d f |
| 007 | cr ||||||||||| |
| 008 | 201020e20010831onc o f000 0 fre d |
| 040 | |aCaOODSP|bfre|erda|cCaOODSP |
| 043 | |an-cn--- |
| 086 | 1 |aIu44-243/2001F-PDF |
| 100 | 1 |aWhite, Kenneth, |eauteur. |
| 245 | 10|aExamen des grappes industrielles fondées sur le savoir au Canada : |bétude d'établissement de la portée du phénomène : rapport final : résumé / |cpréparé par Kenneth White et Peter Gunther. |
| 264 | 1|a[Ottawa] : |bDirection générale des analyses et stratégies industrielles, Secteur de l'industrie, Industrie Canada, |c31 août 2001. |
| 300 | |a1 ressource en ligne (7 pages) |
| 336 | |atexte|btxt|2rdacontent/fre |
| 337 | |ainformatique|bc|2rdamedia/fre |
| 338 | |aressource en ligne|bcr|2rdacarrier/fre |
| 500 | |aÉdition numérisée de l'imprimé [par Innovation, Sciences et Développement économique Canada]. |
| 650 | 6|aRéseaux d'affaires|zCanada. |
| 650 | 6|aGestion des connaissances|zCanada. |
| 650 | 6|aInnovations|zCanada|xGestion. |
| 650 | 0|aBusiness networks|zCanada. |
| 650 | 0|aKnowledge management|zCanada. |
| 650 | 0|aTechnological innovations|zCanada|xManagement. |
| 710 | 1 |aCanada. |bIndustrie Canada, |eorganisme de publication. |
| 856 | 40|qPDF|s132 Ko|uhttps://publications.gc.ca/collections/collection_2023/isde-ised/Iu44-243-2001-fra.pdf |